| 000 | 00569nam a22001337a 4500 | ||
|---|---|---|---|
| 999 |
_c38658 _d38658 |
||
| 082 | _aRW.0048 | ||
| 100 |
_aZutshi, Bupinder _uJawaharlal Nehru University _vNew Delhi |
||
| 245 |
_aFlood Disaster in Kashmir Valley (Jammu & Kashmir) : _bIntegrating Disaster Risk Reduction (DRR) and Community Resilience Stratergies |
||
| 260 |
_aDelhi : _bIndian Council of Social Science Research, _c2020 |
||
| 300 | _a151p. | ||
| 536 | _aIndian Council of Social Science Research | ||
| 650 |
_aFlood Disaster _vIntegrative Study _xEmergency Management _zJammu & Kashmir |
||
| 942 |
_2ddc _cRP |
||